000 00781nam0a22002291 4500
001 rc\2227525
005 20260407141030.0
035 _a(NLR Aleph) 006495816
090 _a6180070
_c6180070
100 _a20110829d1978 |||y0rusy50 ca
101 0 _arus
102 _aRU
105 _ay z |||||
200 1 _aТегралезоль
_e[Науч.-клинич. данные]
_fВсесоюз. экспортно-импорт. об-ние "Медэкспорт"
210 _a[Москва]
_cВнешторгиздат
_d[1978]
215 _a4 с.
_d22
712 0 2 _a"Медэкспорт", всесоюзное объединение
_3RU\NLR\AUTH\8810008531
_9514809
801 0 _aRU
_bNLR
_gpsbo
801 1 _aRU
_bELAR
_2rusmarc
852 _aNLR
_j78-6/764
942 _cBOOK
980 _aNB